000 00551nam a2200217 a 4500
001 0001-2102
003 ELIB.Books
008 190723 2010 eng
020 _a1563380188
092 _a230.082
_bExu
100 _aExum, Cheryl J.
245 _aFragmented Women
260 _aValley Forge
_bTrinity Press International
_c1993
300 _a223
_c20cm
650 _aFeminism
856 _nKBTS Library
_uKBTS Elib
942 _2ddc
_cBK
990 _a1
998 _aEnglishbooks.elf
_ccat
_e2019-07-23
999 _c12102
_d12102